Video Killed the Radio Star (all lyrics) - Statistics

General Stats
  • This quiz has been taken 110 times
  • The average score is 165 of 217
Answer Stats
Answer % Correct
the
99%
I
98%
killed
95%
radio
95%
star.
95%
star)
95%
in
94%
In
94%
Video
94%
a
93%
you
91%
you.
91%
You
91%
(You
91%
an
86%
my
86%
hear
85%
And
84%
and
84%
to
84%
on
83%
we
83%
We
83%
(oh, oh)
81%
(oh, o-o-oh)
81%
go.
78%
your
78%
back
74%
heard
74%
too
74%
did
70%
far.
70%
gone
70%
mind
70%
can't
69%
we've
69%
'52.
64%
car.
64%
it
64%
heart.
63%
so
63%
What
63%
are
62%
were
62%
rewind,
60%
see.
58%
was
58%
one.
57%
them?
57%
tuning
56%
broke
54%
came
54%
children.
54%
tell
54%
first
53%
last
53%
now
53%
If
52%
young,
52%
through.
51%
coming
49%
met
49%
Pictures
49%
stop
49%
studio.
49%
wireless
49%
didn't
48%
Lying
48%
awake,
47%
They
44%
abandoned
43%
ago.
43%
for
42%
long
42%
used
42%
meet
41%
remember
41%
by
38%
could
38%
jingles
37%
took
37%
understand
37%
new
35%
problems
35%
seems
35%
Put
33%
symphony.
33%
technology.
33%
credit
32%
playback
32%
second
32%
machine,
28%
blame
27%
VCR.
27%
Rewritten
25%
intently
11%
No matching quizzes found
Score Distribution
Percent of People with Each Score
Percentile by Number Answered
Your Score History
You have not taken this quiz